| 000 | 00444nam a22001337a 4500 | ||
|---|---|---|---|
| 082 |
_a388.324 _bOPE _cD |
||
| 100 |
_aUS department of transportation, _913255 |
||
| 245 | _aOperating larger trucks on roads with restrictive geometry : Summary report/ | ||
| 260 |
_aVirgina: _bUS department of transportation; _cc1989 |
||
| 300 |
_aiv, 14p, : _bill.; _c28 cm |
||
| 526 |
_a0 _b0 _c0 _d388_324000000000000_OPE |
||
| 650 |
_aMCE _9379 |
||
| 942 |
_2ddc _cBK |
||
| 999 |
_c543359 _d543359 |
||